A letter to Edmund Burke, Esq; member of Parliament for the city of Bristol, and agent for the colony of New York, &c. in answer to his printed speech, ... By Josiah Tucker, D.D.

Bibliographic Details
Main Author: Tucker, Josiah, 1712-1799
Format: eBook
Language:English
Series:Eighteenth century collections online.
Online Access:Full text online

MARC

Tag First Indicator Second Indicator Subfields
LEADER 00000cam a2200000 4500
001 in00001900721
006 m | d |
007 cr |n||||||||n
008 790602s1775 enk|||| s 00| ||eng d
005 20260403180422.2
035 |a (CStRLIN)ESTCT38122 
040 |a Uk-ES  |c Uk-ES  |d CStRLIN  |d Thomson Gale  |d UtOrBLW 
100 1 |a Tucker, Josiah,  |d 1712-1799. 
245 1 2 |a A letter to Edmund Burke, Esq; member of Parliament for the city of Bristol, and agent for the colony of New York, &c. in answer to his printed speech, ... By Josiah Tucker, D.D. 
264 3 |a Glocester :  |b printed by R. Raikes; and sold by T. Cadell, London,  |c 1775. 
300 |a 58, 2 unnumbered pages ;  |c 8⁰. 
336 |a text  |b txt  |2 rdacontent 
337 |a computer  |b c  |2 rdamedia 
338 |a online resource  |b cr  |2 rdacarrier 
500 |a With a final advertisement leaf. 
500 |a Reproduction of original from the British Library. 
510 4 |a Adams,  |c 75-145a 
510 4 |a Sabin,  |c 97353 
510 4 |a English Short Title Catalog,  |c ESTCT38122. 
533 |a Electronic reproduction.  |b Farmington Hills, Mich. :  |c Thomson Gale,  |d 2003.  |n Available via the World Wide Web.  |n Access limited by licensing agreements  |7 s2003 miunns 
500 |a Electronic resource. 
830 0 |a Eighteenth century collections online. 
856 4 0 |u http://proxy.library.tamu.edu/login?url=https://galenet.galegroup.com/servlet/ECCO?c=1&stp=Author&ste=11&af=BN&ae=T038122&tiPG=1&dd=0&dc=flc&docNum=CW105190909&vrsn=1.0&srchtp=a&d4=0.33&n=10&SU=0LRL+OR+0LRI&locID=txshracd2898  |z Full text online  |t 0 
999 |a MARS 
999 f f |s 4cb6132d-254b-3170-ac59-c2fcc4b384c5  |i d7438715-7093-3136-bf57-27f2f0620c08  |t 0 
952 f f |a Texas A&M University  |b College Station  |c Electronic Resources  |s www_evans  |d Available Online  |t 0  |h No information provided 
998 f f |t 0  |l Available Online